|
|
|
|
| LEADER |
00000nam a22000007a 4500 |
| 005 |
20220630231359.0 |
| 007 |
cr|||| |||| |
| 008 |
220630s2021 es |||||s|||| 00||0 spa d |
| 020 |
|
|
|a 978-84-1377-915-7
|
| 035 |
|
|
|a 36159
|
| 040 |
|
|
|a vLex
|
| 090 |
|
|
|c 13512
|d 13512
|
| 100 |
1 |
|
|a Fernǹdez Gonzl̀ez, M® Begoą
|
| 245 |
1 |
0 |
|a Sistema de apoyos para personas con discapacidad
|h [Recurso electrn̤ico] :
|b Medidas jurd̕ico-civiles y sociales /
|c M® Begoą Fernǹdez Gonzl̀ez
|
| 256 |
|
|
|a Servicio en ln̕ea
|
| 260 |
|
|
|a Madrid:
|b Dykinson,
|c 2021
|
| 300 |
|
|
|a 1 recurso electrn̤ico
|
| 506 |
1 |
|
|a Disponible solo en los productos indicados
|d vLex Global
|d vLex Global (Academic Edition, excluding Law Schools)
|d vLex Global (U.S. Academic Edition, Law Schools)
|d vLex Global (U.S. Academic Edition, excluding Law Schools)
|d vLex Global (Academic Edition, Law Schools)
|
| 650 |
0 |
4 |
|a Derecho Civil
|z Espaą
|
| 740 |
0 |
|
|a vLex Libros (Servicio en ln̕ea)
|
| 856 |
4 |
0 |
|u https://app.vlex.com/#/sources/36159
|z Acceso restringido
|
| 942 |
|
|
|c BOOK
|
| 999 |
0 |
|
|a Civil Law
|